[Event "7. Festival Benidorm 2008 - Sub-2300"]
[Site "Benidorm ESP"]
[Date "2008.11.30"]
[Round "2.3"]
[White "Martinez De Miguel, Pedro"]
[Black "Diogo, Vasco"]
[Result "0-1"]
[WhiteElo "2156"]
[BlackElo "2295"]
[PlyCount "94"]
[EventDate "2008.11.29"]
[EventType "swiss"]
[EventRounds "9"]
[EventCountry "ESP"]
[Source "lmi"]
[SourceDate "2008.11.29"]

1. e4 c5 2. Nf3 d6 3. d4 cxd4 4. Nxd4 Nf6 5. Nc3 a6 6. Bg5 e6 7. f4 Qb6 8. Bxf6
gxf6 9. Qd2 Qxb2 10. Rb1 Qa3 11. Rb3 Qa5 12. f5 Nc6 13. fxe6 fxe6 14. Bc4 Nxd4
15. Qxd4 Be7 16. O-O Qc5 17. Qxc5 dxc5 18. a4 Bd8 19. Ne2 Ke7 20. Rg3 Rf8 21.
e5 f5 22. Rg7+ Rf7 23. Rxf7+ Kxf7 24. Rxf5+ Kg7 25. Rh5 h6 26. Rh3 Bc7 27. Re3
Bd7 28. Nf4 Re8 29. Kf1 Kf7 30. Rb3 b6 31. Bxa6 Bxa4 32. Rf3 Bxe5 33. Bd3 Ke7
34. Ng6+ Kd6 35. Nxe5 Kxe5 36. Rf7 b5 37. Rh7 c4 38. Bg6 Rf8+ 39. Ke1 Kd4 40.
Rxh6 Kc3 41. Rh3+ Kb2 42. c3 Rg8 43. Rg3 Bc2 44. Bxc2 Rxg3 45. hxg3 Kxc2 46. g4
b4 47. cxb4 Kb2 0-1

[Event "7. Festival Benidorm 2008 - Sub-2300"]
[Site "Benidorm ESP"]
[Date "2008.11.30"]
[Round "2.4"]
[White "Celaya Tapiz, Jose Maria"]
[Black "Sanchez Barbado, Carlos"]
[Result "0-1"]
[WhiteElo "2292"]
[BlackElo "2140"]
[PlyCount "162"]
[EventDate "2008.11.29"]
[EventType "swiss"]
[EventRounds "9"]
[EventCountry "ESP"]
[Source "lmi"]
[SourceDate "2008.11.29"]

1. e4 c5 2. Nf3 e6 3. g3 d5 4. e5 Nc6 5. Bg2 g6 6. O-O Bg7 7. Re1 Qc7 8. Qe2
Nge7 9. d3 h6 10. h4 b6 11. Bf4 Bb7 12. Na3 a6 13. c3 O-O 14. d4 Kh7 15. Rac1
c4 16. Nc2 Rae8 17. Ne3 Qd8 18. Qd2 Ng8 19. Ng4 b5 20. h5 Nce7 21. Qc2 Nf5 22.
Ne3 Nge7 23. Bh3 Bc8 24. Bxf5 Nxf5 25. g4 Nxe3 26. Rxe3 Rg8 27. Bg3 Ref8 28.
Bh4 Qe8 29. g5 Kh8 30. hxg6 fxg6 31. gxh6 Bxh6 32. Bg5 Rxf3 33. Bxh6 Rxe3 34.
Bxe3 Qf7 35. Bg5 Kg7 36. Bf6+ Kf8 37. Kg2 Ke8 38. a4 Kd7 39. Ra1 Kc6 40. axb5+
axb5 41. b3 Bb7 42. Qb2 Qf8 43. Rh1 g5 44. Rh7 Qa8 45. Kg3 g4 46. bxc4 dxc4 47.
Qb4 Kb6 48. Qc5+ Ka6 49. Qd6+ Ka5 50. Qc7+ Ka6 51. Rd7 Rc8 52. Rd6+ Bc6 53. Qd7
Ka5 54. Qxe6 Ka4 55. d5 Bb7 56. Qe7 Kb3 57. Rb6 Bxd5 58. Qb4+ Kc2 59. Rxb5 Qa1
60. Kf4 Be6 61. Rb8 Qc1+ 62. Ke4 Qe1+ 63. Kf4 Qxf2+ 64. Kg5 Rxb8 65. Qxb8 Qe3+
66. Kg6 g3 67. Qa8 Qd3+ 68. Kg5 Qf5+ 69. Kh6 Qh3+ 70. Kg5 Qg4+ 71. Kh6 g2 72.
Qa2+ Kxc3 73. Qa1+ Kd3 74. Qb1+ Kd4 75. Qb6+ Ke4 76. Qb1+ Kf3 77. Qd1+ Kg3 78.
Qg1 Qf4+ 79. Bg5 Qf8+ 80. Kg6 Bf5+ 81. Kh5 Qf7+ 0-1

[Event "7. Festival Benidorm 2008 - Sub-2300"]
[Site "Benidorm ESP"]
[Date "2008.11.30"]
[Round "2.5"]
[White "Pastor Alonso De Prado, Emilio Alberto"]
[Black "Chueca Forcen, Alberto"]
[Result "0-1"]
[WhiteElo "2137"]
[BlackElo "2276"]
[PlyCount "110"]
[EventDate "2008.11.29"]
[EventType "swiss"]
[EventRounds "9"]
[EventCountry "ESP"]
[Source "lmi"]
[SourceDate "2008.11.29"]

1. e4 e5 2. Nf3 Nc6 3. Bb5 a6 4. Bxc6 dxc6 5. O-O f6 6. d4 exd4 7. Nxd4 c5 8.
Nb3 Qxd1 9. Rxd1 Bg4 10. f3 Be6 11. Bf4 c4 12. Nd4 O-O-O 13. Nc3 Bf7 14. Kf2
Ne7 15. Be3 Ng6 16. Nf5 Ne5 17. Rxd8+ Kxd8 18. h3 g6 19. Rd1+ Nd7 20. Nh6 Be6
21. Ng4 Bg7 22. Bh6 Bxh6 23. Nxh6 c6 24. f4 Re8 25. g4 Kc7 26. h4 Nc5 27. g5
fxg5 28. hxg5 Bc8 29. Rd4 b5 30. Ke3 Ne6 31. Rd1 b4 32. Ne2 Bb7 33. Ng4 c5 34.
Nf6 Re7 35. Nd5+ Bxd5 36. Rxd5 Kc6 37. Ng1 Nd4 38. c3 Nc2+ 39. Kf3 Ne1+ 40. Ke3
Nc2+ 41. Kf3 Ne1+ 42. Ke3 Nd3 43. cxb4 cxb4 44. b3 Nc5 45. Rd4 cxb3 46. axb3 a5
47. e5 Nxb3 48. Rd6+ Kb5 49. Ne2 a4 50. Kd3 a3 51. Rd5+ Ka4 52. Rd8 a2 53. Nd4
Nxd4 54. Ra8+ Kb3 55. Kxd4 Kb2 0-1

[Event "7. Festival Benidorm 2008 - Sub-2300"]
[Site "Benidorm ESP"]
[Date "2008.11.30"]
[Round "2.6"]
[White "Bendayan Claros, Aaron"]
[Black "Varga Novak, Mariano"]
[Result "1-0"]
[WhiteElo "2116"]
[BlackElo "2276"]
[PlyCount "38"]
[EventDate "2008.11.29"]
[EventType "swiss"]
[EventRounds "9"]
[EventCountry "ESP"]
[Source "lmi"]
[SourceDate "2008.11.29"]

1. d4 c5 2. d5 e5 3. e4 d6 4. Nc3 Be7 5. Nf3 Bg4 6. Be2 Bxf3 7. Bxf3 a6 8. a4
Bg5 9. O-O Bxc1 10. Qxc1 Nd7 11. g3 Ne7 12. Bg2 O-O 13. f4 exf4 14. gxf4 Ng6
15. Qe3 Qh4 16. Qg3 Rfe8 17. Rae1 Rac8 18. Qxh4 Nxh4 19. Bh3 Rb8 1-0

[Event "7. Festival Benidorm 2008 - Sub-2300"]
[Site "Benidorm ESP"]
[Date "2008.11.30"]
[Round "2.7"]
[White "Uribe Arteaga, Daniel"]
[Black "Laabi Chian, Majid"]
[Result "1-0"]
[WhiteElo "2272"]
[BlackElo "2116"]
[PlyCount "61"]
[EventDate "2008.11.29"]
[EventType "swiss"]
[EventRounds "9"]
[EventCountry "ESP"]
[Source "lmi"]
[SourceDate "2008.11.29"]

1. e4 d6 2. d4 Nf6 3. Nc3 g6 4. Nf3 Bg7 5. g3 O-O 6. Bg2 c5 7. O-O a6 8. dxc5
dxc5 9. e5 Ng4 10. Qe2 Nc6 11. Bf4 Qb6 12. Nd5 Qxb2 13. Rfb1 Qa3 14. Nb6 Rb8
15. Rb3 Qa5 16. Bd2 Nb4 17. Nxc8 Rfxc8 18. a3 Qa4 19. Qe4 h5 20. Rd1 a5 21.
axb4 axb4 22. Bh3 Qa2 23. Rc1 Rd8 24. Bxg4 hxg4 25. Qxg4 b5 26. e6 Rb6 27.
exf7+ Kxf7 28. Ng5+ Ke8 29. Ne6 Rxe6 30. Qxe6 Rxd2 31. Qxg6+ 1-0

[Event "7. Festival Benidorm 2008 - Sub-2300"]
[Site "Benidorm ESP"]
[Date "2008.11.30"]
[Round "2.9"]
[White "Tscharotschkin, Michael"]
[Black "Fauvet, Emmanuel"]
[Result "1/2-1/2"]
[WhiteElo "2263"]
[BlackElo "2089"]
[PlyCount "54"]
[EventDate "2008.11.29"]
[EventType "swiss"]
[EventRounds "9"]
[EventCountry "ESP"]
[Source "lmi"]
[SourceDate "2008.11.29"]

1. d4 e6 2. e3 f5 3. Bd3 Nf6 4. Nd2 d5 5. c3 Be7 6. f4 O-O 7. Ngf3 Ne4 8. O-O
Nd7 9. Ne5 Nxe5 10. fxe5 Bd7 11. Qe2 Be8 12. Nxe4 fxe4 13. Rxf8+ Bxf8 14. Bc2
Bg6 15. Bd2 c6 16. b4 b5 17. a4 a6 18. Ra2 Be8 19. Qg4 Bd7 20. a5 Qe8 21. Be1
Qg6 22. Qxg6 hxg6 23. Kf2 Be7 24. Kg3 Rf8 25. Bf2 Kh7 26. Ra1 Kh6 27. Rh1 Bd8
1/2-1/2

[Event "7. Festival Benidorm 2008 - Sub-2300"]
[Site "Benidorm ESP"]
[Date "2008.11.30"]
[Round "2.10"]
[White "Galvan Huaraca, Jesus"]
[Black "Cruz Lledo, Pablo"]
[Result "1-0"]
[WhiteElo "2221"]
[BlackElo "2078"]
[PlyCount "53"]
[EventDate "2008.11.29"]
[EventType "swiss"]
[EventRounds "9"]
[EventCountry "ESP"]
[Source "lmi"]
[SourceDate "2008.11.29"]

1. g3 d5 2. Bg2 Nf6 3. d3 c5 4. Nd2 Nc6 5. e4 d4 6. h3 e5 7. Ne2 Be7 8. O-O O-O
9. f4 Qc7 10. f5 Nd7 11. Nf3 b5 12. g4 c4 13. Rf2 Bb7 14. Ng3 Nd8 15. g5 f6 16.
h4 Nc5 17. Bf1 Kf7 18. Nh2 Rh8 19. Qh5+ Kf8 20. Ng4 Nd7 21. Rg2 Nf7 22. g6 hxg6
23. Qxg6 Rg8 24. Nh5 Bd8 25. Nh6 Nxh6 26. Bxh6 Ke7 27. Qh7 1-0

[Event "7. Festival Benidorm 2008 - Sub-2300"]
[Site "Benidorm ESP"]
[Date "2008.11.30"]
[Round "2.11"]
[White "Planells Roig, Jose"]
[Black "Lopez Colon, Francisco"]
[Result "1/2-1/2"]
[WhiteElo "2069"]
[BlackElo "2249"]
[PlyCount "73"]
[EventDate "2008.11.29"]
[EventType "swiss"]
[EventRounds "9"]
[EventCountry "ESP"]
[Source "lmi"]
[SourceDate "2008.11.29"]

1. e4 d6 2. d4 Nf6 3. Nc3 g6 4. Be3 c6 5. Qd2 b5 6. Bd3 Ng4 7. Bg5 h6 8. Bh4 g5
9. Bg3 Bg7 10. Nf3 Nf6 11. O-O-O Nh5 12. Ne2 Qb6 13. h3 Nd7 14. Bh2 e5 15. g4
Nf4 16. Bxf4 gxf4 17. c3 a5 18. Nh4 b4 19. c4 c5 20. Nf5 Bf8 21. dxe5 dxe5 22.
Ng1 a4 23. Bb1 a3 24. b3 Ra6 25. Nf3 Qc7 26. h4 Rg6 27. Rhg1 Be7 28. Qd5 Bb7
29. Qxd7+ Qxd7 30. Rxd7 Kxd7 31. Nxe5+ Ke6 32. Nxg6 fxg6 33. Nxe7 Kxe7 34. Rd1
g5 35. h5 Rd8 36. Rxd8 Kxd8 37. Kd2 1/2-1/2

[Event "7. Festival Benidorm 2008 - Sub-2300"]
[Site "Benidorm ESP"]
[Date "2008.11.30"]
[Round "2.12"]
[White "Goormachtigh, Johan"]
[Black "Martinez Vicente, Gregorio"]
[Result "1-0"]
[WhiteElo "2242"]
[BlackElo "2062"]
[PlyCount "71"]
[EventDate "2008.11.29"]
[EventType "swiss"]
[EventRounds "9"]
[EventCountry "ESP"]
[Source "lmi"]
[SourceDate "2008.11.29"]

1. d4 g6 2. c4 Bg7 3. e4 d6 4. Nc3 Nc6 5. Be3 e5 6. d5 Nce7 7. c5 f5 8. Bb5+
Bd7 9. cxd6 cxd6 10. Qa4 Nf6 11. Bxd7+ Qxd7 12. Qxd7+ Kxd7 13. f3 Rhc8 14. Nge2
b5 15. Nxb5 fxe4 16. fxe4 Nxe4 17. O-O Rf8 18. Bxa7 Nxd5 19. Rfd1 Rxa7 20. Rxd5
Bh6 21. Rd3 Rb7 22. a4 Ke6 23. Nec3 Nxc3 24. Rxc3 e4 25. Rd1 Ke5 26. Nxd6 Rb4
27. Nc4+ Ke6 28. b3 Rfb8 29. Rd6+ Kf5 30. Rd5+ Kf6 31. Rd6+ Kf5 32. Rd5+ Kf6
33. Rd4 e3 34. Rdd3 Re8 35. Nxe3 Rbe4 36. Kf2 1-0

[Event "7. Festival Benidorm 2008 - Sub-2300"]
[Site "Benidorm ESP"]
[Date "2008.11.30"]
[Round "2.14"]
[White "Carrascoso Morales, Abel"]
[Black "Jordan Martinez, Miguel"]
[Result "1-0"]
[WhiteElo "2234"]
[BlackElo "2049"]
[PlyCount "47"]
[EventDate "2008.11.29"]
[EventType "swiss"]
[EventRounds "9"]
[EventCountry "ESP"]
[Source "lmi"]
[SourceDate "2008.11.29"]

1. e4 e6 2. d4 d5 3. Nc3 Nf6 4. Bg5 dxe4 5. Nxe4 Be7 6. Bxf6 gxf6 7. Qd2 f5 8.
Nc3 b6 9. d5 e5 10. Nf3 Bf6 11. Bb5+ Bd7 12. Bc4 O-O 13. h4 Bg7 14. O-O-O a6
15. Rhe1 e4 16. Ng5 h6 17. Ne6 Bxe6 18. dxe6 Qxh4 19. exf7+ Kh8 20. Rh1 Qf6 21.
Rh5 Nc6 22. Rdh1 Kh7 23. Qf4 Ne7 24. g4 1-0

[Event "7. Festival Benidorm 2008 - Sub-2300"]
[Site "Benidorm ESP"]
[Date "2008.11.30"]
[Round "2.16"]
[White "Avila Jimenez, Javier"]
[Black "Sabater Robles, Rafael"]
[Result "1-0"]
[WhiteElo "2217"]
[BlackElo "2040"]
[PlyCount "77"]
[EventDate "2008.11.29"]
[EventType "swiss"]
[EventRounds "9"]
[EventCountry "ESP"]
[Source "lmi"]
[SourceDate "2008.11.29"]

1. d4 Nf6 2. Bg5 e6 3. e4 Be7 4. e5 Nd5 5. Bxe7 Qxe7 6. c4 Nb6 7. Nd2 d6 8.
Ngf3 N6d7 9. exd6 cxd6 10. Bd3 Nc6 11. O-O O-O 12. Qc2 h6 13. a3 a5 14. Rfe1
Qf6 15. Qc3 e5 16. Ne4 Qf4 17. d5 Nd4 18. Nxd4 exd4 19. Qxd4 Ne5 20. Qe3 Nxd3
21. Qxd3 Bf5 22. Qd4 Bg6 23. g3 Qe5 24. Qxe5 dxe5 25. Nd6 f6 26. b4 b6 27. f4
Rfd8 28. fxe5 fxe5 29. c5 e4 30. Nc4 axb4 31. Nxb6 Rxa3 32. Rxa3 bxa3 33. c6
Bf5 34. c7 Rd6 35. c8=Q+ Bxc8 36. Nxc8 Ra6 37. d6 Ra4 38. Rd1 a2 39. d7 1-0

[Event "7. Festival Benidorm 2008 - Sub-2300"]
[Site "Benidorm ESP"]
[Date "2008.11.30"]
[Round "2.17"]
[White "Monmeneu Chulia, Victor"]
[Black "Ferrer Sanchez, Pedro Jesus"]
[Result "1/2-1/2"]
[WhiteElo "2147"]
[BlackElo "2213"]
[PlyCount "99"]
[EventDate "2008.11.29"]
[EventType "swiss"]
[EventRounds "9"]
[EventCountry "ESP"]
[Source "lmi"]
[SourceDate "2008.11.29"]

1. e4 c5 2. Nc3 Nc6 3. g3 g6 4. Bg2 Bg7 5. d3 d6 6. f4 Nf6 7. Nf3 O-O 8. O-O
Bg4 9. h3 Bxf3 10. Qxf3 Nd7 11. Be3 Rb8 12. a4 a6 13. g4 b5 14. axb5 axb5 15.
h4 b4 16. Nd1 Nd4 17. Qf2 Qc7 18. c3 Nc6 19. d4 bxc3 20. bxc3 Na5 21. e5 Nc4
22. Bc1 e6 23. Ne3 Ndb6 24. Nxc4 Nxc4 25. Be4 cxd4 26. cxd4 Rb4 27. Ra6 dxe5
28. fxe5 Nxe5 29. Ba3 Nxg4 30. Qf4 Bxd4+ 31. Kh1 Qxf4 32. Rxf4 Nf2+ 33. Rxf2
Bxf2 34. Bxb4 Re8 35. Bc6 Rb8 36. Be7 Kg7 37. Ra2 Bd4 38. Be4 Bf6 39. Bd6 Rb2
40. Rxb2 Bxb2 41. Kg2 f5 42. Bc2 Kf6 43. Kf3 e5 44. Bb3 h6 45. Bc7 e4+ 46. Ke3
g5 47. h5 g4 48. Bd8+ Ke5 49. Bc7+ Kf6 50. Bd8+ 1/2-1/2

[Event "7. Festival Benidorm 2008 - Sub-2300"]
[Site "Benidorm ESP"]
[Date "2008.11.30"]
[Round "2.18"]
[White "Ivanov, Stoijan"]
[Black "Soler Di Benedetto, Sandra"]
[Result "0-1"]
[WhiteElo "2211"]
[BlackElo "2015"]
[PlyCount "92"]
[EventDate "2008.11.29"]
[EventType "swiss"]
[EventRounds "9"]
[EventCountry "ESP"]
[Source "lmi"]
[SourceDate "2008.11.29"]

1. d4 d5 2. Nf3 Nf6 3. c4 c6 4. e3 a6 5. Nc3 b5 6. b3 Bg4 7. Be2 Nbd7 8. O-O e6
9. a4 b4 10. Nb1 a5 11. Nbd2 Bd6 12. Bb2 Qb8 13. Rc1 O-O 14. h3 Bh5 15. Qc2 Rc8
16. e4 dxe4 17. Nxe4 Nxe4 18. Qxe4 Bg6 19. Qh4 Re8 20. Rfd1 Be7 21. Qg3 Qxg3
22. fxg3 Bd8 23. g4 Be4 24. Nd2 Bg6 25. Nf3 Be4 26. Nd2 Bg6 27. Bf3 Rc8 28. Be4
Bg5 29. Bxg6 hxg6 30. Rc2 f5 31. Nf3 Bf4 32. g5 Rcd8 33. c5 e5 34. dxe5 Nxe5
35. Rxd8 Nxf3+ 36. gxf3 Rxd8 37. h4 Rd3 38. Kg2 Rxb3 39. h5 gxh5 40. g6 Rd3 41.
Re2 Rd2 42. Rf2 Rxf2+ 43. Kxf2 h4 44. Bd4 Bg5 45. Be5 Bf6 46. Bc7 b3 0-1

[Event "7. Festival Benidorm 2008 - Sub-2300"]
[Site "Benidorm ESP"]
[Date "2008.11.30"]
[Round "2.19"]
[White "Murcia Paredes, Angel"]
[Black "Castano, Henry Augusto"]
[Result "1-0"]
[WhiteElo "2206"]
[BlackElo "1974"]
[PlyCount "61"]
[EventDate "2008.11.29"]
[EventType "swiss"]
[EventRounds "9"]
[EventCountry "ESP"]
[Source "lmi"]
[SourceDate "2008.11.29"]

1. e4 e5 2. Nf3 Nc6 3. Bb5 a6 4. Ba4 Nf6 5. O-O b5 6. Bb3 Be7 7. c3 Nxe4 8. d4
exd4 9. Nxd4 Nxd4 10. Qxd4 Nf6 11. Bg5 c5 12. Qe3 d5 13. Bxf6 gxf6 14. Rd1 c4
15. Bc2 Be6 16. Nd2 Qc7 17. a4 b4 18. cxb4 Bxb4 19. Nf3 O-O-O 20. Nd4 Rde8 21.
Qf3 Be7 22. Rac1 h5 23. b3 Ba3 24. Rb1 Bd6 25. h3 Bh2+ 26. Kh1 Be5 27. bxc4
Bxd4 28. Rxd4 Qe5 29. Qb3 Qxd4 30. Qb8+ Kd7 31. Rb7+ 1-0

[Event "7. Festival Benidorm 2008 - Sub-2300"]
[Site "Benidorm ESP"]
[Date "2008.11.30"]
[Round "2.20"]
[White "Remoli Sargues, Lidia"]
[Black "Gimeno Martos, Roberto"]
[Result "1/2-1/2"]
[WhiteElo "1940"]
[BlackElo "2201"]
[PlyCount "53"]
[EventDate "2008.11.29"]
[EventType "swiss"]
[EventRounds "9"]
[EventCountry "ESP"]
[Source "lmi"]
[SourceDate "2008.11.29"]

1. d4 Nf6 2. c4 g6 3. Nc3 Bg7 4. e4 d6 5. Nf3 O-O 6. Be2 e5 7. d5 a5 8. Bg5 h6
9. Bh4 Na6 10. O-O Qe8 11. a3 Nc5 12. Nd2 Bd7 13. b4 Ncxe4 14. Ndxe4 Nxe4 15.
Nxe4 f5 16. f3 fxe4 17. fxe4 Rf4 18. Bf2 Rxe4 19. g3 Bf5 20. Rc1 h5 21. Bd3 Rg4
22. Be2 Bh6 23. Rc3 axb4 24. axb4 Re4 25. Bd3 Rg4 26. Be2 Re4 27. Bd3 1/2-1/2

[Event "7. Festival Benidorm 2008 - Sub-2300"]
[Site "Benidorm ESP"]
[Date "2008.12.01"]
[Round "3.1"]
[White "Sanchez Saez, Francisco"]
[Black "Scherer, Helmut"]
[Result "0-1"]
[WhiteElo "2183"]
[BlackElo "2299"]
[PlyCount "126"]
[EventDate "2008.11.29"]
[EventType "swiss"]
[EventRounds "9"]
[EventCountry "ESP"]
[Source "lmi"]
[SourceDate "2008.11.29"]

1. e4 e5 2. Nf3 Nc6 3. d4 exd4 4. Nxd4 Bc5 5. Nxc6 Qf6 6. Qd2 dxc6 7. Nc3 Ne7
8. Bd3 Ng6 9. f4 O-O 10. e5 Qh4+ 11. g3 Qh3 12. Ne4 Bb6 13. Ng5 Qh5 14. b3 h6
15. Ne4 Nxe5 16. fxe5 Qxe5 17. c3 Bf5 18. Qf4 Rfe8 19. Qxe5 Rxe5 20. Bf4 Bxe4
21. Bxe5 Bxh1 22. Kd2 Bg2 23. c4 Rd8 24. Re1 Re8 25. Kc2 f6 26. Bc3 Rxe1 27.
Bxe1 Bd4 28. Bf5 Kf7 29. Bd2 Bg1 30. h4 Bd4 31. h5 c5 32. g4 Ke7 33. Bf4 Be5
34. Be3 b6 35. Kd3 Kd6 36. Bf2 Bh2 37. a4 Ke5 38. a5 Kf4 39. Be3+ Kg3 40. Bd2
Kh4 41. b4 Bf3 42. bxc5 bxa5 43. Bxa5 Bxg4 44. Ke4 c6 45. Bg6 Bxh5 46. Be1+ Kg5
47. Bxh5 Kxh5 48. Kf5 Bg1 49. Bb4 g5 50. Kxf6 g4 51. Be1 Bxc5 52. Ke6 Bd4 53.
Kf5 a5 54. Ke4 Bb6 55. Ke5 g3 56. c5 Bxc5 57. Bxg3 Kg4 58. Be1 Bb4 59. Bf2 Kf3
60. Bh4 Bc3+ 61. Kf5 c5 62. Be7 Bd4 63. Kg6 a4 0-1

[Event "7. Festival Benidorm 2008 - Sub-2300"]
[Site "Benidorm ESP"]
[Date "2008.12.01"]
[Round "3.2"]
[White "Garcia Albarracin, Francisco D"]
[Black "Santos, Jose Alves"]
[Result "0-1"]
[WhiteElo "2298"]
[BlackElo "2192"]
[PlyCount "90"]
[EventDate "2008.11.29"]
[EventType "swiss"]
[EventRounds "9"]
[EventCountry "ESP"]
[Source "lmi"]
[SourceDate "2008.11.29"]

1. c4 e6 2. e4 d5 3. exd5 exd5 4. d4 Nf6 5. Nc3 Be7 6. Bd3 O-O 7. Nge2 c5 8.
O-O Nc6 9. cxd5 Nxd4 10. Bc4 Nf5 11. Ng3 Nxg3 12. fxg3 Bg4 13. Qb3 Qb6 14. Qxb6
axb6 15. h3 Bd7 16. Bf4 Nh5 17. Rae1 Bf6 18. Be5 Rfe8 19. Bxf6 Nxf6 20. d6 Rxe1
21. Rxe1 Re8 22. Re7 Rxe7 23. dxe7 g6 24. Bb5 Bxb5 25. Nxb5 Ne8 26. Nc3 f6 27.
Na4 Kf7 28. Nxb6 Kxe7 29. Kf2 Kd6 30. Ke3 Kc6 31. Nc4 b5 32. Nd2 Nd6 33. g4 Kd5
34. b3 c4 35. bxc4+ Nxc4+ 36. Kd3 Nxd2 37. Kxd2 Kd4 38. Kc2 Ke3 39. Kb3 Kf2 40.
Kb4 Kxg2 41. Kxb5 f5 42. gxf5 gxf5 43. a4 f4 44. a5 f3 45. a6 f2 0-1

[Event "7. Festival Benidorm 2008 - Sub-2300"]
[Site "Benidorm ESP"]
[Date "2008.12.01"]
[Round "3.3"]
[White "Diogo, Vasco"]
[Black "Garcia Gata, Jorge David"]
[Result "0-1"]
[WhiteElo "2295"]
[BlackElo "2140"]
[PlyCount "96"]
[EventDate "2008.11.29"]
[EventType "swiss"]
[EventRounds "9"]
[EventCountry "ESP"]
[Source "lmi"]
[SourceDate "2008.11.29"]

1. e4 c5 2. Nf3 d6 3. d4 Nf6 4. Nc3 cxd4 5. Nxd4 g6 6. Be3 Bg7 7. f3 O-O 8. Qd2
Nc6 9. O-O-O Bd7 10. h4 Ne5 11. Bh6 Bxh6 12. Qxh6 Rc8 13. Nd5 e6 14. Nxf6+ Qxf6
15. h5 Qg7 16. hxg6 Qxh6+ 17. Rxh6 hxg6 18. Nb3 Kg7 19. Rh4 g5 20. Rh5 Kg6 21.
Rh2 Rc6 22. Be2 Rfc8 23. c3 Kf6 24. Rh5 a6 25. g3 b5 26. a3 d5 27. Nd4 dxe4 28.
Nxc6 Bxc6 29. f4 gxf4 30. gxf4 Ng6 31. Rf1 Ne7 32. Rh7 Nf5 33. Bh5 Rc7 34. Rg1
e3 35. Kd1 Be4 36. Rg8 Rd7+ 37. Ke1 Nh4 38. Rh6+ Ke7 39. Rg7 Ng2+ 40. Kf1 Kf8
41. Rxg2 Bxg2+ 42. Kxg2 Kg7 43. Bxf7 Kxh6 44. Bxe6 Rd2+ 45. Kf3 e2 46. Kf2 Rxb2
47. c4 Rb3 48. cxb5 e1=Q+ 0-1

[Event "7. Festival Benidorm 2008 - Sub-2300"]
[Site "Benidorm ESP"]
[Date "2008.12.01"]
[Round "3.4"]
[White "Chueca Forcen, Alberto"]
[Black "Bendayan Claros, Aaron"]
[Result "1-0"]
[WhiteElo "2276"]
[BlackElo "2116"]
[PlyCount "151"]
[EventDate "2008.11.29"]
[EventType "swiss"]
[EventRounds "9"]
[EventCountry "ESP"]
[Source "lmi"]
[SourceDate "2008.11.29"]

1. d4 Nf6 2. c4 e6 3. Nc3 Bb4 4. f3 c5 5. d5 d6 6. e4 Bxc3+ 7. bxc3 e5 8. Bd3
Nbd7 9. Ne2 Nf8 10. h4 h5 11. Bg5 Ng6 12. Qd2 Qc7 13. Ng3 Ng8 14. Nf5 f6 15.
Be3 Bxf5 16. exf5 N6e7 17. g4 Nh6 18. Rg1 hxg4 19. fxg4 O-O-O 20. Qf2 Qd7 21.
O-O-O Rdf8 22. Rdf1 Qa4 23. Qc2 Qa3+ 24. Kd2 Nf7 25. h5 Ng5 26. Bxg5 fxg5 27.
Rb1 Ng8 28. Rb5 Nf6 29. Rgb1 Rf7 30. Be2 Qa6 31. R1b2 Re8 32. a4 Ree7 33. Ke3
Ne8 34. Qb1 Nf6 35. Kf2 Ne8 36. Kg3 Nf6 37. a5 Rf8 38. Bf3 Rff7 39. Be4 Rd7 40.
Re2 Rde7 41. Ra2 Kc7 42. Re2 Kc8 43. Kh3 Kc7 44. Qc1 Nh7 45. Qe3 Rf6 46. Reb2
Kc8 47. Kg3 Rd7 48. Bc2 Re7 49. Ba4 Ref7 50. Ra2 Rc7 51. Qe2 Kd8 52. Qe4 Nf8
53. Qd3 b6 54. Rab2 Rb7 55. Qd2 Nh7 56. Qe2 Kc7 57. R5b3 Rb8 58. Bc6 Rff8 59.
axb6+ axb6 60. Ra2 Qc8 61. Ra7+ Kd8 62. Rd7+ Qxd7 63. Bxd7 Kxd7 64. Qa2 Rb7 65.
Rxb6 Rxb6 66. Qa7+ Ke8 67. Qxb6 Rf6 68. Qc6+ Kf7 69. Qd7+ Kg8 70. Qd8+ Kf7 71.
Qd7+ Kf8 72. Kf3 Kg8 73. Qe7 Kh8 74. Qd8+ Nf8 75. h6 Kh7 76. hxg7 1-0

[Event "7. Festival Benidorm 2008 - Sub-2300"]
[Site "Benidorm ESP"]
[Date "2008.12.01"]
[Round "3.5"]
[White "Daneri, Martin"]
[Black "Uribe Arteaga, Daniel"]
[Result "0-1"]
[WhiteElo "2174"]
[BlackElo "2272"]
[PlyCount "76"]
[EventDate "2008.11.29"]
[EventType "swiss"]
[EventRounds "9"]
[EventCountry "ESP"]
[Source "lmi"]
[SourceDate "2008.11.29"]

1. e4 c5 2. Nc3 e6 3. f4 a6 4. Nf3 b5 5. d3 d5 6. g3 b4 7. Na4 Bb7 8. Qe2 Bc6
9. b3 dxe4 10. dxe4 Nf6 11. e5 Nd5 12. Bd2 Bxa4 13. bxa4 Qa5 14. Qe4 Qxa4 15.
f5 Qc6 16. fxe6 fxe6 17. Ng5 Nd7 18. Bh3 Ne7 19. Bxe6 Qxe4+ 20. Nxe4 Ng6 21.
Bxd7+ Kxd7 22. Bf4 Be7 23. Ke2 Kc6 24. Rad1 Rhf8 25. Ke3 Rf5 26. Nd6 Bxd6 27.
Rxd6+ Kb5 28. Ke4 Raf8 29. Rf1 Nxe5 30. g4 Nxg4 31. h3 g5 32. hxg4 Rxf4+ 33.
Rxf4 Rxf4+ 34. Ke3 Rxg4 35. Rd7 h5 36. Rh7 h4 37. Kd3 Rg3+ 38. Kd2 h3 0-1

[Event "7. Festival Benidorm 2008 - Sub-2300"]
[Site "Benidorm ESP"]
[Date "2008.12.01"]
[Round "3.6"]
[White "Fernandez Manrique, Agustin"]
[Black "Galvan Huaraca, Jesus"]
[Result "1/2-1/2"]
[WhiteElo "2169"]
[BlackElo "2221"]
[PlyCount "80"]
[EventDate "2008.11.29"]
[EventType "swiss"]
[EventRounds "9"]
[EventCountry "ESP"]
[Source "lmi"]
[SourceDate "2008.11.29"]

1. c4 Nf6 2. Nc3 e5 3. Nf3 Nc6 4. e4 Bb4 5. d3 d6 6. g3 O-O 7. Bg2 Nd4 8. h3
Be6 9. O-O Nxf3+ 10. Qxf3 Qd7 11. Kh2 c6 12. Qe2 d5 13. exd5 cxd5 14. cxd5 Nxd5
15. Qxe5 Nxc3 16. bxc3 f6 17. Qe1 Ba5 18. Bd2 Rfe8 19. Qb1 Rac8 20. Re1 Bxc3
21. Bxc3 Rxc3 22. Qxb7 Qxb7 23. Bxb7 Rb8 24. Rab1 Kf8 25. Rxe6 Rc7 26. Ra6
Rbxb7 27. Rxb7 Rxb7 28. Kg2 Rd7 29. h4 Rxd3 30. Rxa7 Rc3 31. g4 h6 32. f3 Kg8
33. Kg3 Rc4 34. h5 Rb4 35. a4 Kf8 36. Kf2 Rb3 37. Rc7 Ra3 38. Rc4 Ke7 39. Re4+
Kf7 40. Kg3 Ra1 1/2-1/2

[Event "7. Festival Benidorm 2008 - Sub-2300"]
[Site "Benidorm ESP"]
[Date "2008.12.01"]
[Round "3.7"]
[White "Barbu, Nicolae"]
[Black "Goormachtigh, Johan"]
[Result "0-1"]
[WhiteElo "2166"]
[BlackElo "2242"]
[PlyCount "70"]
[EventDate "2008.11.29"]
[EventType "swiss"]
[EventRounds "9"]
[EventCountry "ESP"]
[Source "lmi"]
[SourceDate "2008.11.29"]

1. e4 c5 2. Nf3 e6 3. d3 Nc6 4. g3 g6 5. Bg2 Bg7 6. O-O Nge7 7. Nbd2 d6 8. c3
O-O 9. Nh4 Rb8 10. f4 f5 11. Ndf3 b6 12. Re1 h6 13. exf5 gxf5 14. Be3 Bd7 15.
d4 c4 16. h3 Nd5 17. Nd2 Nxe3 18. Rxe3 d5 19. Qh5 Qf6 20. Rae1 b5 21. Ng6 Rfd8
22. g4 fxg4 23. hxg4 Kh7 24. f5 exf5 25. Nf4 Qg5 26. Qxg5 hxg5 27. Rh3+ Bh6 28.
Nxd5 fxg4 29. Nf6+ Kg7 30. Nxd7 gxh3 31. Nxb8 Nxb8 32. Bxh3 g4 33. Bxg4 Bxd2
34. Re7+ Kf6 35. Rxa7 Rg8 0-1